Reglamento interior relativo á servicios sanitario é higiénico y religioso de la Casa Provincial de Maternidad y Expósitos de Barcelona
Descripción Física:
15 p. ; 27 cm
MARC
| LEADER | 00000nam a2200000Ia 4500 | ||
|---|---|---|---|
| 001 | 8718 | ||
| 008 | 160829s1894 xx 000 0 cat d | ||
| 080 | |a RF-9-27 | ||
| 245 | |a Reglamento interior relativo á servicios sanitario é higiénico y religioso de la Casa Provincial de Maternidad y Expósitos de Barcelona | ||
| 260 | |a Barcelona : |b Imprenta de la Casa Provincial de Caridad, |c 1894 | ||
| 300 | |a 15 p. ; |c 27 cm | ||
| 590 | |a Hi ha un duplicat a: DUP-73-40 | ||
| 650 | |a Casa de Maternitat i Expòsits (Barcelona) |x Reglaments i procediment |9 38816 | ||
| 710 | 2 | |a Casa de Maternitat i Expòsits de Barcelona |9 52670 | |
| 856 | 4 | |u https://media.diba.cat/diba/fitxers/arxiu/fulletons/bib_8718_1894_baixa.pdf |y Accés lliure | |
| 856 | 4 | |u https://media.diba.cat/diba/fitxers/arxiu/fulletons/bib_8718_1894_baixa.pdf |y Accés lliure | |
| 901 | |a Arxiu | ||
| 942 | |n 1 |2 udc | ||
| 952 | |0 0 |1 0 |4 0 |6 RF927 |7 1 |9 53243 |a Arxiu |b Arxiu |d 2016-12-01 |l 0 |o RF-9-27 |p 8718 |r 2016-12-01 00:00:00 |w 2016-12-01 |y ARXIU | ||
| 999 | |c 57107 |d 57107 | ||
| 900 | |a bib_8718_1894_baixa.pdf | ||